Hitler 1889-1936

保存先:
書誌詳細
第一著者: Kershaw, Ian (著者)
フォーマット: 図書
言語:スペイン語
出版事項: Barcelona Península 2007
シリーズ:Gran Atalaya, II
主題:
タグ: タグ追加
タグなし, このレコードへの初めてのタグを付けませんか!

MARC

LEADER 00000nam a2200000 a 4500
001 UCI5577
003 CL-VaPUC
008 080404e20070000SP |||||||||||||||||spa|d
020 |a 9788483078020 
082 0 4 |a 943.086  |b KER  |2 21 
100 |a Kershaw, Ian  |e author  |9 603335 
245 1 0 |a Hitler 1889-1936 
300 |a 773 p 
942 |c BK 
945 |d 20080404 00:00:00  |a rbrito 
260 |a Barcelona  |b Península  |c 2007 
600 0 7 |a HITLER, ADOLF  |2 CL-VaPUC  |9 314510 
650 0 |a Biografías  |9 255210 
650 0 |a Historia de Alemania  |9 431857 
650 0 |a Nazismo   |9 347078 
650 0 |a Política  |9 255312 
651 0 |a Alemania  |9 255688 
583 |a last modification  |c 20080404 00:00:00  |k Rodrigo Vera 
490 0 |a Gran Atalaya, II 
999 |c 329317  |d 329315 
952 |0 0  |1 0  |4 0  |6 943_086000000000000_KER_2007  |7 0  |8 A  |9 413707  |a BIBHIS  |b BIBHIS  |d 2019-11-22  |i 4423690  |l 1  |o 943.086 KER 2007  |p 4423690  |r 2025-03-11  |s 2025-03-11  |w 2019-11-22  |y BK  |k HIS